Sanat - "Milli Menninkäisen laulu" - Statistics

Yleistilastot
  • Tätä visaa on pelattu 4 kertaa
  • Keskiarvotulos 55 / 73
Vastaustilastot
Vastaus % Oikein
älä
100%
älä
100%
ajan
75%
ehkä
75%
ja
75%
ja
75%
ja
75%
jalkojesi
75%
jalkojesi
75%
juuressa
75%
juuressa
75%
kannella
75%
kanssas
75%
katso
75%
katso
75%
kauaa
75%
kauaa
75%
kohta
75%
koko
75%
koko
75%
korkealle
75%
korkealle
75%
kotka
75%
lienet
75%
liian
75%
liian
75%
lintunen
75%
lintunen
75%
maailma
75%
maailma
75%
maailmaa
75%
maailmaa
75%
melkein
75%
melkein
75%
mietit
75%
mitä
75%
mutta
75%
nouse
75%
nouse
75%
odottaa
75%
odottaa
75%
On
75%
On
75%
On
75%
onnellisen
75%
pääset
75%
pääset
75%
pesi
75%
pesi
75%
pienet
75%
seikkailu
75%
seikkailu
75%
seikkailuun
75%
sieltä
75%
sieltä
75%
siipes
75%
siivillesi
75%
siivillesi
75%
sinisen
75%
taivaan
75%
tuulta
75%
tuulta
75%
tuun
75%
uljas
75%
vaan
75%
vaan
75%
vasten
75%
vasten
75%
vielä
75%
vielä
75%
vietit
75%
lennä
50%
suureen
50%
Ehtoja vastaavia visoja ei löytynyt
Tulosjakauma
Jokaisen tuloksen saaneiden osuus
Persentiili vastausten määrän mukaan
Tuloshistoriasi
Et ole pelannut tätä visaa